000 00263nam a2200085Ia 4500
008 220204s9999 xx 000 0 und d
082 _a030.8:801.323.1
_bOXF
245 0 _aOxford English dictionary: A new English dictionary of historical principles. 13 V
942 _cBK
999 _c20371
_d20371